| 000 | 00687cam a22002295a 4500 | ||
|---|---|---|---|
| 001 | L159720 | ||
| 008 | 150226s2017 xxk f 000 0 eng d | ||
| 035 | _a(Sirsi) u159720 | ||
| 041 | 0 | _aeng | |
| 100 | 1 |
_aHooper, Brendon _96168 |
|
| 245 | 0 | 0 | _aIt is big and it is clever |
| 260 | _c2017 | ||
| 490 |
_aModus _vFebruary 2017, 34-35 (2) |
||
| 520 | _aFormed from a merger of four existing sites, Ysgol Bae Baglan is one of the most technologically advanced and sustainable schools in the UK. | ||
| 590 | _aKA | ||
| 650 | 2 | 4 | _aSCHOOL |
| 650 | 2 | 4 | _aIT |
| 650 | 2 | 4 |
_aSustainability _96271 |
| 651 | 4 |
_aUnited Kingdom _y |
|
| 690 | _aBUILDING AND CONSTRUCTION-PROJECTS | ||
| 942 | _n0 | ||
| 999 |
_c84932 _d84932 |
||